Statistiques concernant Les Mérovingiens.

Cliquez ici pour prendre le quiz!

Statistiques générales

  • Ce quiz a été pris 174 fois
  • Le résultat moyen est 7 sur 14

Statistiques - réponses

RègneRois% Correct
481-511Clovis Ier
96%
629-639Dagobert Ier
72%
639-657Clovis II
70%
558-561Clotaire Ier
67%
613-629Clotaire II
65%
715-721Chilperic II
51%
673-675Childéric II
49%
743-751Childéric III
43%
657-673Clotaire III
42%
711-715Dagobert III
42%
675-691Thierry III
42%
721-737Thierry IV
37%
691-695Clovis IV
25%
695-711Childebert IV
22%

Distribution des résultats

Percentile par nombre de réponses

% des personnes avec chaque résultat

Votre développement - résultats

Vous n’avez pas pris ce quiz